Toutes les équipes des 5 grands championnats de football (2024/2025) - Statistiques

Statistiques générales
  • Ce quiz a été pris 206 fois
  • Le résultat moyen est 57 sur 96
Statistiques - réponses
Ligues Équipes % Correct
Bundesliga Bayern
95%
Ligue 1 Lyon
95%
Bundesliga Dortmund
93%
Ligue 1 Psg
92%
Ligue 1 Marseille
91%
Ligue 1 Lille
89%
Bundesliga Leverkusen
85%
Liga Real Madrid
85%
Ligue 1 Monaco
84%
Ligue 1 Nice
84%
Liga Barcelone
83%
Premier League Manchester City
83%
Ligue 1 Saint-Etienne
83%
Ligue 1 Rennes
82%
Ligue 1 Brest
81%
Ligue 1 Lens
81%
Premier League Manchester United
80%
Premier League Arsenal
79%
Serie A Milan
79%
Ligue 1 Montpellier
79%
Ligue 1 Nantes
79%
Premier League Liverpool
78%
Ligue 1 Reims
77%
Ligue 1 Strasbourg
77%
Ligue 1 Toulouse
77%
Liga Atletico Madrid
76%
Premier League Chelsea
76%
Serie A Inter
76%
Serie A Juventus
75%
Premier League Aston Villa
74%
Bundesliga Leipzig
74%
Ligue 1 Angers
72%
Liga Seville
72%
Ligue 1 Auxerre
70%
Premier League Tottenham
69%
Liga Bilbao
68%
Serie A Roma
68%
Liga Betis
66%
Serie A Lazio
65%
Ligue 1 Le Havre
65%
Serie A Naples
65%
Liga Valence
64%
Premier League West Ham
64%
Premier League Brighton
62%
Premier League Everton
60%
Bundesliga Wolfsbourg
60%
Premier League Leicester
58%
Premier League Newcastle
58%
Liga Real Sociedad
58%
Bundesliga Union Berlin
58%
Liga Villarreal
58%
Premier League Wolverhampton
58%
Bundesliga Stuttgart
57%
Serie A Atalanta Bergame
54%
Bundesliga Frankfort
54%
Premier League Crystal Palace
53%
Serie A Fiorentina
52%
Bundesliga Werder Brême
52%
Liga Girona
51%
Serie A Torino
51%
Premier League Nottingham Forrest
50%
Serie A Bologne
48%
Premier League Southampton
48%
Premier League Fulham
47%
Premier League Brentford
46%
Liga Getafe
46%
Serie A Venezia
46%
Premier League Bournemouth
45%
Serie A Come
45%
Bundesliga Hoffenheim
45%
Bundesliga Mönchengladbach
44%
Premier League Ipswich
43%
Serie A Udinese
42%
Liga Espanyol
41%
Liga Celta Vigo
40%
Serie A Genoa
40%
Liga Las Palmas
40%
Bundesliga Augsbourg
39%
Bundesliga Fribourg
38%
Liga Majorque
38%
Liga Osasuna
38%
Liga Valladolid
38%
Liga Alaves
37%
Bundesliga Mainz
37%
Serie A Parme
37%
Liga Rayo Vallecano
36%
Serie A Cagliari
34%
Serie A Verone
33%
Serie A Monza
31%
Bundesliga Bochum
30%
Liga Leganés
30%
Bundesliga Heidenheim
27%
Bundesliga Kiel
27%
Serie A Empoli
25%
Serie A Lecce
25%
Bundesliga Sankt Pauli
16%
Aucun quiz correspondant
Distribution des résultats
% des personnes avec chaque résultat
Percentile par nombre de réponses
Votre historique - résultats
Vous n’avez pas pris ce quiz